00303nam a2200121Ia 4500008004100000020002200041041000800063082002400071100001500095245002500110260003700135300000900172230411s9999 xx 000 0 und d a978-81-8061-364-7 aeng aPH/615.1/TRI/B05753 aTripathi K aMCQs In Pharmacology bJaypee BrothersaNew Delhic2004 a408p